Statistics for Charlotte Hornets: Leading Scorer Every Year

Click here to take the quiz!

General Stats

  • This quiz has been taken 411 times
    (24 since last reset)
  • The average score is 18 of 34

Answer Stats

YearPlayerAverage% Correct
2023-2024LaMelo Ball23.9
96%
2022-2023LaMelo Ball23.3
96%
2015-2016Kemba Walker20.9
91%
2012-2013Kemba Walker17.7
91%
2016-2017Kemba Walker23.2
91%
2017-2018Kemba Walker22.1
91%
2018-2019Kemba Walker25.6
91%
2014-2015Kemba Walker17.3
91%
1994-1995Alonzo Mourning21.3
70%
1993-1994Alonzo Mourning21.5
70%
1996-1997Glen Rice26.8
65%
1995-1996Glen Rice21.6
65%
1997-1998Glen Rice22.3
65%
1992-1993Larry Johnson22.1
65%
2021-2022Miles Bridges20.2
61%
1998-1999Eddie Jones17.0
52%
1999-2000Eddie Jones20.1
52%
2020-2021Terry Rozier20.4
52%
2006-2007Gerald Wallace18.1
48%
2005-2006Gerald Wallace15.2
48%
2013-2014Al Jefferson21.8
39%
2004-2005Emeka Okafor15.1
35%
2001-2002Jamal Mashburn21.5
35%
2000-2001Jamal Mashburn20.1
35%
2019-2020Devonte' Graham18.2
26%
2007-2008Jason Richardson21.8
26%
2008-2009Jason Richardson18.7
26%
2010-2011Stephen Jackson18.5
26%
2009-2010Stephen Jackson21.1
26%
1991-1992Kendall Gill20.5
22%
2011-2012Gerald Henderson15.1
17%
1988-1989Kelly Tripucka22.6
13%
1989-1990Armen Gilliam18.8
4%
1990-1991Armen Gilliam19.8
4%

Score Distribution

Percentile by Number Answered

Percent of People with Each Score

Your Score History

You have not taken this quiz since the last reset